| 000 | 00571nam a22002057a 4500 | ||
|---|---|---|---|
| 999 |
_c3370 _d3370 |
||
| 003 | OSt | ||
| 005 | 20231123092046.0 | ||
| 008 | 231123b ||||| |||| 00| 0 eng d | ||
| 020 | _a9780008299163 | ||
| 040 | _cKH8 | ||
| 082 | _a428.0076 BUR | ||
| 100 |
_aBurns, Paul, _eauthor. |
||
| 245 |
_aKS3 English: _bPractice Test Paper / _cPaul Burns. |
||
| 260 |
_aLondon; _bHarrper Collins Publishers, _c2018. |
||
| 300 |
_a128 pages : _c30cm. |
||
| 650 | _aEnglish language | ||
| 650 |
_aEnglish language _vExaminations |
||
| 650 |
_aJuvenile _vLiterature |
||
| 942 |
_2ddc _cNFIC |
||